00390nam a22000977a 4500082001200000100008300012245006400095260004100159650001700200700007500217 aPRO 220 aNS AWAIS SHAHBAZ NS M.BILAL RIAZ NS RANA MUHAMMAD JUNAID NS UMAIR JAVAID MANJ  aPR-SOF-1556-NATO Narrowband Waveform implemented on SDR Kit aISLAMABADbNUST COLLEGE OF EMEc2016 a DE-COMP-34  aSUPERVISOR Prof. DR. SHOAB AHMED KHAN Assist. Prof. SAJID GUL KHAWAJA